Espacios del capital. Hacia una geografía crítica

Uloženo v:
Podrobná bibliografie
Hlavní autor: Harvey, David (Autor)
Médium: Kniha
Jazyk:španělština
Vydáno: Madrid, España Akal 2007
Vydání:1a. ed
Edice:Colección Cuestiones de Antagonismo,
Témata:
On-line přístup:Disponible Online
Tagy: Přidat tag
Žádné tagy, Buďte první, kdo vytvoří štítek k tomuto záznamu!

MARC

LEADER 00000cam a2200000 a 4500
001 UCI5890
003 CL-VaPUC
005 20220225154512.0
008 080411e20070000SP |||||||||||||||||spa|d
999 |c 329532  |d 329530 
020 |a 9788446020646 
040 |c Pontificia Universidad Católica de Valparaíso 
082 0 4 |a 327.101 HAR 2007  |2 21 
100 |a Harvey, David  |e author  |9 603111 
245 1 0 |a Espacios del capital.  |b Hacia una geografía crítica 
250 |a 1a. ed 
260 |a Madrid, España   |b Akal  |c 2007 
300 |a 445 páginas  
440 |a Colección Cuestiones de Antagonismo,   |n  44  |9 860818 
583 |a last modification  |c 20130408 11:39:14  |k Rodrigo Vera 
650 0 |a Geografía política  |9 268296 
650 0 |a Geografía urbana  |9 267904 
650 0 |a Economía marxista  |2 CL-VaPUC  |9 311435 
650 0 |a Economía urbana   |2 CL-VaPUC  |9 320848 
856 |u http://bibliografiadigital.pucv.cl.pucv.idm.oclc.org/index.php/bibliotecapucv/catalog/book/394  |y Disponible Online  
942 |c BK  |2 ddc 
945 |d 20080411 00:00:00  |a jtorresc 
952 |0 0  |1 0  |2 ddc  |4 0  |6 327_101000000000000_HAR_2007  |7 0  |8 A  |9 414347  |a BIBING  |b BIBING  |d 2019-11-22  |i 442428K  |l 2  |o 327.101 HAR 2007  |p 442428K  |r 2025-04-21  |s 2025-04-21  |w 2019-11-22  |y BK  |k GEO 
952 |0 0  |1 0  |2 ddc  |4 0  |6 327_101000000000000_HAR_2007  |7 0  |8 A  |9 414348  |a BIBING  |b BIBING  |d 2019-11-22  |i 4962451  |l 1  |o 327.101 HAR 2007  |p 4962451  |r 2025-04-21  |s 2025-04-21  |w 2019-11-22  |y BK  |k GEO 
952 |0 0  |1 0  |2 ddc  |3 erb  |4 0  |6 327_101000000000000_HAR_2007  |7 0  |8 A  |9 414349  |a BIBING  |b BIBING  |i 5147514  |o 327.101 HAR 2007  |p 5147514  |r 2025-01-20  |w 2019-11-22  |y BK  |z Catalogado en:20150430  |k GEO 
952 |0 0  |1 0  |2 ddc  |3 erb  |4 0  |6 327_101000000000000_HAR_2007  |7 0  |8 A  |9 414350  |a BIBING  |b BIBING  |i 5147506  |o 327.101 HAR 2007  |p 5147506  |r 2025-01-20  |w 2019-11-22  |y BK  |z Catalogado en:20150430  |k GEO 
952 |0 0  |1 0  |3 erb  |4 0  |6 327_101000000000000_HAR_2007  |7 0  |8 A  |9 414351  |a FDOPOS  |b FDOPOS  |i 5429811  |o 327.101 HAR 2007  |p 5429811  |r 2025-01-22  |w 2019-11-22  |y BK  |z Catalogado en:20171020  |k DLH